书目信息 |
| 题名: |
2016全国卫生专业技术资格考试习题集丛书
|
|
| 作者: | 孙建平 主编 | |
| 分册: | 药学(中级)模拟试卷 | |
| 出版信息: | 北京 人民卫生出版社 2015 |
|
| 页数: | 92页 | |
| 开本: | 26cm | |
| 丛书名: | ||
| 单 册: | ||
| 中图分类: | R-44 | |
| 科图分类: | ||
| 主题词: | 医学--资格考试--题库 , 药物学--资格考试--试题 | |
| 电子资源: | ||
| ISBN: | 978-7-117-21635-7 | |
| 000 | 00868nam0 2200241 450 | |
| 001 | 1655726584 | |
| 005 | 20160408140841.0 | |
| 010 | @a978-7-117-21635-7@dCNY76.00 | |
| 100 | @a20160201d2015 em y0chiy0110 ea | |
| 101 | 0 | @achi |
| 102 | @aCN@b110000 | |
| 105 | @ay q 000yy | |
| 106 | @ar | |
| 200 | 1 | @a2016全国卫生专业技术资格考试习题集丛书@92016 quan guo wei sheng zhuan ye ji shu zi ge kao shi xi ti ji cong shu@i药学(中级)模拟试卷@f孙建平主编 |
| 210 | @a北京@c人民卫生出版社@d2015 | |
| 215 | @a92页@d26cm@e4答题卡 | |
| 330 | @a本书针对各类科考大纲中的重难点进行强化训练,每题后附有解析,全面分析考点、答题思路和方法、帮助考生尽快理解和掌握知识点。 | |
| 606 | 0 | @a医学@x资格考试@j题库 |
| 606 | 0 | @a药物学@x资格考试@j试题 |
| 690 | @aR-44@v5 | |
| 701 | 0 | @a孙建平@9sun jian ping@c(药学)@4主编 |
| 801 | 0 | @aCN@b江苏新华@c201505117 |
| 905 | @aBZT@dR-44@e11 | |
| 2016全国卫生专业技术资格考试习题集丛书.药学(中级)模拟试卷/孙建平主编.-北京:人民卫生出版社,2015 |
| 92页;26cm+4答题卡 |
| ISBN 978-7-117-21635-7:CNY76.00 |
| 本书针对各类科考大纲中的重难点进行强化训练,每题后附有解析,全面分析考点、答题思路和方法、帮助考生尽快理解和掌握知识点。 |
| ● |
| 相关链接 |
|
|
|
正题名:2016全国卫生专业技术资格考试习题集丛书
索取号:R-44/11
 
预约/预借
| 序号 | 登录号 | 条形码 | 馆藏地/架位号 | 状态 | 备注 |
| 1 | 802666 | 2000802666 | 第二书库/ [索取号:R-44/11] | 在馆 | |
| 2 | 802667 | 2000802667 | 第二书库/ [索取号:R-44/11] | 在馆 | |
| 3 | 802668 | 2000802668 | 第二书库/ [索取号:R-44/11] | 在馆 |